| 000 | 00698nam a2200181 i 4500 | ||
|---|---|---|---|
| 001 | 84145 | ||
| 003 | ES-MaACL | ||
| 005 | 20231223063052.0 | ||
| 007 | t| | ||
| 008 | 041119s1923 sp ||||1| spa d | ||
| 100 | 1 |
_aIzquierdo y Martínez, José María, _d1886-1922 _965750 |
|
| 245 | 1 | 0 | _aObras de José María Izquierdo y Martínez. |
| 260 |
_aSevilla : _b[s.n., _c1923] ( _fTip. Zarzuela) |
||
| 300 |
_a5 v. ; _c22 cm. |
||
| 505 | 8 | _aContiene: V. I y I: Divagando por la ciudad de la gracia. -- V. III: Por la parábola de la vida. -- V. IV: El derecho en el Teatro Español. -- V. V: De las normas y de las formas | |
| 852 |
_aES-MaACL _jF-549-53 _bR.5474 |
||
| 999 |
_c84145 _d84145 |
||